000 00522nam a2200169 a 4500
005 20140311163005.0
008 050614s19uu xx 00 eng d
050 _aHM 1206
_b.Qu3 2002
100 _aQuebral, Nora C.
245 _aReflections on development communication /
_cNora C. Quebral.
260 _aLaguna :
_bCollege of Development Communication,
_c2002.
300 _a28 p. :
_c23 cm.
521 _aMC
650 _aCommunications in rural development
_xPhilippines.
942 _cBK
_2lcc
_kLOC
999 _c39307
_d39307